00569nam a22001697a 450000500170000002000250001703700130004208200060005524500300006126000300009127001480012130000330026949000370030250000230033994200200036299900170038220120110162524.0 a9788179635520c45.00 aDPLbPUB aS aCinderella ; Thumbelina / aMumbaibShree Book Centre a8 kakad industrial Estate-S.Keer Road (off.L.J. Road matunga westbMumbaie400016k24377513/24374559l91-22-24309183msales@shreebookcentre.com aunpagedbCol.illc23cm (pbk) aMy Best Loved fairy Tales938823 a2 in 1 Large Print 2ddccCHhSmCIN c60657d60657